000 00663nam a2200229Ia 4500
005 20250508165902.0
008 008 250505s9999 xx 000 0 eng d
020 _a978-81-86906-03-3
037 _aReference
040 _aFEDL
_beng
_cFEDL
041 _aeng
_2eng
084 _a371.39, REI/RR
_qFEDL
100 _aReiser Robert A Ed.
_9782306
245 0 _aTrends and issues in instructional design and technology
250 _a4
260 _aNew York, USA
_bPearson Education
_c2018
300 _ax, 358p.
365 _aUSD
_b90
700 _a Dempsey John V Ed.
_9782307
942 _cREF
_h371.39, REI/RR
999 _c1398000
_d1398000